Κατάλογος Βιβλιοθηκών Mediterranean College

Principles of Corporate Finance (Record no. 800)

MARC details
000 -LEADER
fixed length control field 01889cam a22002174a 4500
005 - ΗΜΕΡΟΜΗΝΙΑ ΚΑΙ ΩΡΑ ΤΕΛΕΥΤΑΙΑΣ ΕΝΗΜΕΡΩΣΗΣ
Πεδίο ελέγχου 20250605163946.0
008 - FIXED-LENGTH DATA ELEMENTS--GENERAL INFORMATION
Πεδίο ελέγχου σταθερού μήκους 250528s ||||||||||||||||||||||||d
035 ## - SYSTEM CONTROL NUMBER
System control number 15206
020 ## - ISBN
ISBN 70073805
040 ## - ΠΗΓΗ ΚΑΤΑΛΟΓΟΓΡΑΦΗΣΗΣ
Φορέας πρωτότυπης καταλογογράφησης MC Athens Campus Library
Γλώσσα καταλογογράφησης Ελληνικά, Μοντέρνα (1453-)
Modifying agency MC Athens Campus Library
Κανόνες περιγραφικής καταλογογράφησης AACR2
245 1# - ΤΙΤΛΟΣ ΚΑΙ ΔΗΛΩΣΗ ΥΠΕΥΘΥΝΟΤΗΤΑΣ
Τίτλος Principles of Corporate Finance
260 ## - PUBLICATION, DISTRIBUTION, ETC.
Name of publisher, distributor, etc. Mcgraw Hill Book Company,
Date of publication, distribution, etc. 1981
300 ## - PHYSICAL DESCRIPTION
Extent 796
505 0# - FORMATTED CONTENTS NOTE
Formatted contents note Preface, Introduction, Why Finance Matters, Value, The Concept of Net Present Value, How to Calculate Present Values, Present Value of Bonds and Stocks, Making Investment Decisions with the Net Present Value Rule, Risk, Risk and Return, Capital Budgeting and the Capital Asset Pricing Model, Practical Problems in Capital Budgeting, Where Positive Net Present Values Come From, Financing Decisions and Market Efficiency, Corporate Financing and the Six Lessons of Market Efficiency, Dividend Policy and Capital Structure, The Dividend Controversy, Options, Debt Financing, Financial Planning, Sort-Term Financial Decisions, Mergers and International Finance and Pensions, Conclusions.
520 ## - SUMMARY, ETC.
Summary, etc. Preface, Introduction, Why Finance Matters, Value, The Concept of Net Present Value, How to Calculate Present Values, Present Value of Bonds and Stocks, Making Investment Decisions with the Net Present Value Rule, Risk, Risk and Return, Capital Budgeting and the Capital Asset Pricing Model, Practical Problems in Capital Budgeting, Where Positive Net Present Values Come From, Financing Decisions and Market Efficiency, Corporate Financing and the Six Lessons of Market Efficiency, Dividend Policy and Capital Structure, The Dividend Controversy, Options, Debt Financing, Financial Planning, Sort-Term Financial Decisions, Mergers and International Finance and Pensions, Conclusions.
700 1# - ΠΡΟΣΘΕΤΗ ΑΝΑΓΡΑΦΗ--ΦΥΣΙΚΟ ΠΡΟΣΩΠΟ
Personal name Brealey Richard A
9 (RLIN) 1083
700 1# - ΠΡΟΣΘΕΤΗ ΑΝΑΓΡΑΦΗ--ΦΥΣΙΚΟ ΠΡΟΣΩΠΟ
Personal name Myers Stewart C
9 (RLIN) 1085
942 ## - ADDED ENTRY ELEMENTS (KOHA)
Koha item type Books
Holdings
Τύπος τεκμηρίου Βιβλιοθήκη Τρέχουσα τοποθεσία Barcode Αριθμός εισαγωγής Ημερομηνία απόκτησης Ταξιθετικό σύμβολο Αριθμός αντιτύπου Κατάσταση απόσυρσης Κατάσταση χαμένου Κατάσταση κατεστραμμένου Μη δανεισμός Σύνολο δανεισμών Ημερομηνία τελευταίας εμφάνισης Η τιμή ισχύει από
Books MC Athens Campus Library MC Athens Campus Library 9780000007995 1442 05/06/2025 658.15 BRE 1           05/06/2025 05/06/2025

MC Athens Campus Library
Πατησίων 94 & Κοδριγκτώνος 13, 104 34
Πελλήνης 8 & Πατησίων 107, 112 51
Τ: +30 210 8899600

MC Thessaloniki Campus Library
Ίωνος Δραγούμη 21, 54625 | Ίωνος Δραγούμη 15, 54625
Τ: +30 2310 287779 – Τ: +30 2314 440300